| 000 | 00542nam a2200181 i 4500 | ||
|---|---|---|---|
| 001 | 18379 | ||
| 003 | ES-MaACL | ||
| 005 | 20230906151826.0 | ||
| 007 | t| | ||
| 008 | 011213q1950 pe ||||1| spa d | ||
| 080 | _a821.134.2(85)-31"19" | ||
| 100 | 1 |
_aHernández, Arturo D. _962789 |
|
| 245 | 1 | 0 |
_aSangama : _bnovela original de la selva amazónica / _cArturo D. Hernández. |
| 250 | _a2ª ed. | ||
| 260 |
_aLima : _b[A.D. Hernández., _cca. 1950] |
||
| 300 |
_a367 p. ; _c23 cm. |
||
| 852 | 4 |
_aES-MaACL _jAND-140 _z- Biblioteca Juan Andrade |
|
| 999 |
_c18379 _d18379 |
||